000
00326nam a2200157Ia 4500
100
_a
Bridger/ R.S.
650
_a
General
942
_c
BK
654
_a
ergonomies
245
_a
Introduction to Ergonomics
260
_b
Mc Graw Hill
_c
1995
082
_a
620.82
_b
BRI
300
_a
529
546
_a
ENGLISH
999
_c
21548
_d
21548